000 00733nam a2200229Ia 4500
003 OSt
005 20220923214203.0
006 a|||||r|||| 00| 0
007 ta
008 220922b |||||||| |||| 00| 0 hin d
024 _a167,774
037 _cTextual
040 _aARTS
_cARTS
_bhin
041 _2hin
_ahin
082 _aO152:1I00x, L3
245 0 _aकबीर ग्रंथावली, भाष्यकार व सपंा भगवत स्वरूप मिश्र
246 _aKabīr granthāvalī, bhāṣhyakār v sapanā0 bhagavat svarūp mishra
250 _aसंशो संस्क0 2
260 _c1973
942 _hO152:1I00x, L3
_cTEXL
_2CC
999 _c322244
_d322244